15 Categories: Letter 'B' Blitz Quiz Stats

Quiz Updated Feb 18, 2018

Challenge
Share
Tweet
Embed
Score 0/15 Timer 01:00
108 Plays Today
Hint Answer % Correct
Color of the rainbowBlue
94.7%
Capital city of GermanyBerlin
92.9%
BLT ingredientBacon
92.4%
T.V. Show: Pamela Anderson, David HasselhoffBaywatch
86.1%
NBA team in ChicagoBulls
85.2%
Composer: Symphony No. 9 (in D Minor, Op. 125)Beethoven
83.2%
Superhero: real name Bruce WayneBatman
77.3%
French for GoodBon (Bien)
76.1%
Hint Answer % Correct
Chess pieceBishop
68.6%
Disney animated classic (1942)Bambi
67.8%
December 26th: ______ DayBoxing
63.5%
Element: Chemical symbol BBoron
58.1%
Wife of Henry VIII (surname)Boleyn
54.3%
Author: Jane EyreBrontë
52.5%
Also known as Siddhārtha GautamaBuddha
48.5%

You're not logged in!

Compare scores with friends on all Sporcle quizzes.
Sign Up with Email
OR
Log In

You Might Also Like...

Show Comments

Extras

Top Quizzes Today


Score Distribution

Your Account Isn't Verified!

In order to create a playlist on Sporcle, you need to verify the email address you used during registration. Go to your Sporcle Settings to finish the process.

Report this User

Report this user for behavior that violates our Community Guidelines.

Details: